Diagnóstico de la aplicación de la gestión estratégica en los Colegios del Nivel Medio de la Asociación Central Dominicana (ACD), período 2011-2012 y su incidencia en el desarrollo Institucional de dichos Centros. (Record no. 679)

MARC details
000 -LEADER
campo de control de longitud fija 02598nam a2200553Ia 4500
001 - NÚMERO DE CONTROL
campo de control 753
008 - DATOS DE LONGITUD FIJA--INFORMACIÓN GENERAL
campo de control de longitud fija 241029s9999 xx 000 0 und d
010 ## - NÚMERO DE CONTROL DE LA BIBLIOTECA DEL CONGRESO
Número de control de LC 679
041 ## - CÓDIGO DE IDIOMA
Código de lengua del texto/banda sonora o título independiente Español
082 ## - NÚMERO DE LA CLASIFICACIÓN DECIMAL DEWEY
Número de clasificación NO APLICA
245 #0 - MENCIÓN DEL TÍTULO
Título Diagnóstico de la aplicación de la gestión estratégica en los Colegios del Nivel Medio de la Asociación Central Dominicana (ACD), período 2011-2012 y su incidencia en el desarrollo Institucional de dichos Centros.
260 ## - PUBLICACIÓN, DISTRIBUCIÓN, ETC.
Lugar de publicación, distribución, etc. Santo Domingo
300 ## - DESCRIPCIÓN FÍSICA
Extensión 127
520 ## - RESUMEN, ETC.
Sumario, etc. 6
520 ## - RESUMEN, ETC.
Sumario, etc. La presente investigación tiene como propósito diagnóstica la aplicación de la gestión estratégica en los Colegios Adventistas del Nivel Medio de la Asociación Central Dominicana (ACD) y su incidencia en el desarrollo de la Institución.La población señalada en el presente estudio,está compuesta por catorce (14) administradores, cuarenta y seis (46) maestros y novecientos cincuenta y tres (953) estudiantes. Tomando como muestra, el 100% de los administradores y docentes, doscientos ochenta y siete (287) de los novecientos cincuenta y tres (953) estudiantes del Nivel Medio de los colegios encuestados.Entre las principales conclusiones se tiene, que el nivel de conocimiento que dicen poseer los administradores y docentes son similares. Los docentes no participan en la elaboración de la misión Institucional. Por tanto, no se sienten identificados con la misma ni la promueven. Los docentes consideran los logros de la gestión actual como buenos. Los Centros han dado pasos hacia la implementación del modelo de gestión estratégica.
630 ## - PUNTO DE ACCESO ADICIONAL DE MATERIA--TÍTULO UNIFORME
Título uniforme Desarrollo Institucional
630 ## - PUNTO DE ACCESO ADICIONAL DE MATERIA--TÍTULO UNIFORME
Título uniforme Diagnóstico
630 ## - PUNTO DE ACCESO ADICIONAL DE MATERIA--TÍTULO UNIFORME
Título uniforme Estrategia Metodológica
630 ## - PUNTO DE ACCESO ADICIONAL DE MATERIA--TÍTULO UNIFORME
Título uniforme Gestión
650 ## - PUNTO DE ACCESO ADICIONAL DE MATERIA--TÉRMINO DE MATERIA
Término de materia o nombre geográfico como elemento de entrada Gestión Educativa
690 ## - PUNTO DE ACCESO ADICIONAL DE MATERIA LOCAL--TÉRMINO DE MATERIA (OCLC, RLIN)
Término de materia o nombre geográfico como elemento inicial Sintetizado
700 ## - ENTRADA AGREGADA--NOMBRE PERSONAL
Término indicativo de función/relación asesor
Nombre de persona Bonilla, Hurdia A.
700 ## - ENTRADA AGREGADA--NOMBRE PERSONAL
Término indicativo de función/relación autor
Nombre de persona Vásquez De Los Santos, Wanda
901 ## - ELEMENTOS DE DATOS A LOCAL LDA (RLIN)
a {"1":"Vásquez De Los Santos"}
b {"1":"Wanda "}
902 ## - ELEMENTOS DE DATOS B LOCAL, LDB (RLIN)
a 1
903 ## - ELEMENTOS DE DATOS C LOCAL, LDC (RLIN)
a {"1":"Bonilla"}
b {"1":"Hurdia A."}
904 ## - ELEMENTOS DE DATOS D LOCAL, LDD (RLIN)
a Magíster en
905 ## - ELEMENTOS DE DATOS E LOCAL, LDE (RLIN)
a Gestión de Centros Educativos
906 ## - ELEMENTOS DE DATOS F LOCAL, LDF (RLIN)
a 2
907 ## - ELEMENTOS DE DATOS G LOCAL, LDG (RLIN)
a NO APLICA
908 ## - COLOCAR PARÁMETRO DE COMANDO (RLIN)
Colocar parámetro de comando NO APLICA
909 ## -
-- Universidad Adventista Dominicana (UNAD)
910 ## - DATOS DE OPCIÓN DEL USUARIO (OCLC)
Datos de opción del usuario NULL
-- NULL
911 ## - EQUIVALENCIA O REFERENCIA-CRUZADA-NOMBRE DE CONFERENCIA O REUNIÓN/CONGRESO [LOCAL, CANADÁ]
Nombre de congreso/reunión o jurisdicción como elemento de entrada ["1"]
912 ## -
-- NO APLICA
913 ## -
-- NULL
914 ## -
-- 01 de Septiembre de 2012
915 ## -
-- 29/11/19 11:11
916 ## -
-- NULL
917 ## -
-- NULL
918 ## -
-- NO APLICA
919 ## -
-- ["59","217","95","111"]
921 ## -
-- 28
922 ## -
-- 28
923 ## -
-- 0
924 ## -
-- NO APLICA
942 ## - ELEMENTOS DE ENTRADA SECUNDARIOS (KOHA)
Tipo de ítem Koha

No items available.

© 2024. Todos los Derechos Reservados. Desarrollado por IDEICE